| 000 | 00548cam a22002171 4500 | ||
|---|---|---|---|
| 001 | sa 68002950 | ||
| 003 | DLC | ||
| 005 | 20260227112448.0 | ||
| 008 | 710903s1967 ii 00000 eng | ||
| 010 | _asa 68002950 //r90 | ||
| 025 | _aPL480:I-E-9541 | ||
| 040 |
_aDLC _cDLC _dDLC |
||
| 050 | 0 | 0 |
_aLB880 _b.S552 1967 |
| 082 | 0 | 0 | _a370.1 |
| 100 | 1 | 0 | _aSingh, Sohan. |
| 245 | 1 | 4 | _aThe way of education. |
| 260 | 0 |
_aBombay, _aNew York, _bAsia Pub. House _c[1967] |
|
| 300 |
_a134 p. _c23 cm. |
||
| 350 | _aRs20 | ||
| 650 | 0 |
_aEducation _xPhilosophy. |
|
| 999 |
_c79109 _d79109 |
||